00594nmm a2200157Ia 4500008004100000041000800041100003800049245013100087264009100218300001800309490002000327650001400347856005100361942000700412999001700419251105s9999||||xx |||||||||||||||||und|| aspa aAndrés Gómez, María Soledad 0aLos sistemas de ayuda entre iguales como instrumentos de mejora de la convivencia escolar : evaluación de una intervención a[Madrid, España] :bMinisterio de Educación, Cultura y Deporte de España, c2012 a617 páginas aInvestigación aEducation uhttps://public.digitaliapublishing.com/a/17761 cCF c99604d99604